Online
Catalog

Los quitones de Puerto Rico / (Record no. 24826)

MARC details
000 -CABECERA
campo de control de longitud fija 00726nam a2200229 a 4500
001 - NÚMERO DE CONTROL
campo de control 000025334
005 - FECHA Y HORA DE LA ÚLTIMA TRANSACCIÓN
campo de control 20200930023720.0
008 - DATOS DE LONGITUD FIJA--INFORMACIÓN GENERAL
campo de control de longitud fija 101216s2003 pr a r 000 | spa d
020 ## - NÚMERO INTERNACIONAL ESTÁNDAR DEL LIBRO
Número Internacional Estándar del Libro 1932271163
040 ## - FUENTE DE LA CATALOGACIÓN
Centro catalogador/agencia de origen DO-SdBNP
Lengua de catalogación spa
Centro/agencia transcriptor BNPHU
082 ## - NÚMERO DE LA CLASIFICACIÓN DECIMAL DEWEY
Número de clasificación xxxx
Número de documento/Ítem G215q
100 1# - ENTRADA PRINCIPAL--NOMBRE DE PERSONA
Nombre de persona García Ríos , Cedar I.
9 (RLIN) 8924
245 10 - MENCIÓN DE TÍTULO
Título Los quitones de Puerto Rico /
Mención de responsabilidad, etc. Cedar I. García Ríos.
260 ## - PUBLICACIÓN, DISTRIBUCIÓN, ETC.
Lugar de publicación, distribución, etc. San Juan, Puerto Rico :
Nombre del editor, distribuidor, etc. Isla Negra ,
Fecha de publicación, distribución, etc. 2003.
300 ## - DESCRIPCIÓN FÍSICA
Extensión 208 p. ;
Dimensiones 23 cm.
490 ## - MENCIÓN DE SERIE
Mención de serie La Biblioteca de Darwin
490 1# - MENCIÓN DE SERIE
Mención de serie Academia Contemporánea
500 ## - NOTA GENERAL
Nota general Bibliografía : p. 198-208
500 ## - NOTA GENERAL
Nota general Incluye glosario : p. 190-197
830 #0 - PUNTO DE ACCESO ADICIONAL DE SERIE-TÍTULO UNIFORME
Título uniforme Academia Contemporánea
9 (RLIN) 17694
830 #3 - PUNTO DE ACCESO ADICIONAL DE SERIE-TÍTULO UNIFORME
Título uniforme La Biblioteca de Darwin
9 (RLIN) 51887
Holdings
Estado de retiro Estado de pérdida Restricciones de uso No para préstamo Código de colección Localización permanente Ubicación/localización actual Ubicación en estantería Fecha de adquisición Número de inventario Total de préstamos Signatura topográfica completa Código de barras Fecha visto por última vez Precio válido a partir de Tipo de ítem Koha
      Excluido de préstamo Monografías: Libros y Folletos General General Depósito 14.02.2011 LF1   xxxx G215q 25334-10 25.06.2020 25.06.2020 No se presta

Powered by Koha